Biblioteca

Walking in wisdom : (Registro nro. 66402)

Detalles MARC
000 -LÍDER
Campo fijo de descripción fija 01662pam a2200337 i 4500
001 - NÚMERO DE CONTROL
Campo de control 768714001
003 - IDENTIFICADOR DEL NÚMERO DE CONTROL
Campo de control CO-MdFUSB
005 - FECHA Y HORA DE LA ULTIMA TRANSACCIÓN
control field 20210604091009.0
007 - CAMPO FIJO DE DESCRIPCIÓN FIJA--INFORMACIÓN GENERAL
Campo fijo de descripción fija ta
008 - ELEMENTOS DE LONGITUD FIJA -- INFORMACIÓN GENERAL
Campo fijo de descripción fija -- Información general 830210t1983 ilu 000 0 eng
010 ## - NÚMERO DE CONTROL DE LA BIBLIOTECA DEL CONGRESO
Número de control LC 83000265
020 ## - NÚMERO INTERNACIONAL NORMALIZADO PARA LIBROS
Número Internacional Normalizado del libro 0877848467
040 ## - FUENTE DE CATALOGACIÓN
Agencia de catalogación original DLC
Agencia que realiza la transcripción CO-MdFUSB
Agencia que realiza la modificación m/c
-- CO-MdFUSB
-- CBC
-- UtOrBLW
Idioma de catalogación spa
Convenciones de la descripción rda
041 ## - CÓDIGO DE IDIOMA
Código de idioma para texto/pista de sonido o título separado eng
082 ## - NÚMERO DE CLASIFICACIÓN DECIMAL DEWEY
Número de la edición del Dewey 23
Número de clasificación 223.706
Clave de autor-Numero de item M932
090 ## - SIGNATURA TOPOGRÁFICA LOCAL
Número de clasificación local BS1465.2
100 1# - ASIENTO PRINCIPAL--NOMBRE PERSONAL
Nombre personal Mouser, William E.,
Fechas asociadas con el nombre 1947-
Término relacionador autor
245 10 - TÍTULO
Título del Material Walking in wisdom :
Parte restante del título - Subtitulo studying the Proverbs of Solomon.
Mención de responsabilidad, etc. / William E. Mouser, Jr.
264 #1 - PRODUCCIÓN, PUBLICACIÓN, DISTRIBUCIÓN, MANUFACTURA, Y COPYRIGHT
Lugar de producción, publicación, distribución, manufactura Downers Grove, Ill. :
Nombre del productor, publicador, distribuidor InterVarsity Press,
Fecha de producción, publicación, distribución, manufactura, o copyright [1983]
264 #4 - PRODUCCIÓN, PUBLICACIÓN, DISTRIBUCIÓN, MANUFACTURA, Y COPYRIGHT
Fecha de producción, publicación, distribución, manufactura, o copyright © 1983
300 ## - DESCRIPCIÓN FÍSICA
Extensión 169 páginas. ;
Dimensiones 21 cm.
336 ## - TIPO DE CONTENIDO
Fuente rdacontent
Término de tipo de contenido texto
Código de tipo de contenido txt
337 ## - TIPO DE MEDIO
Fuente rdamedia
Nombre del tipo de medio sin mediación
Código del tipo de medio n
338 ## - TIPO DE SOPORTE
Fuente rdacarrier
Nombre del tipo de soporte volumen
Código Tipo de soporte nc
505 ## - NOTA DE CONTENIDO
Nota de contenido con formato preestablecido ¿Qué es un proverbio? - ¿Por qué meditar en un proverbio? - Pero y ambos, uno y o: paralelismos sinónimos y antitéticos - Relleno en blanco: paralelismos antitéticos asimétricos - Caricaturas cerebrales: paralelismos emblemáticos - Enigmas y otros dobladores de la mente: paralelismos sintéticos - Tan claro como la nariz en su cara: reconocer figuras retóricas - Tu cabello es como una bandada de cabras: símiles y metáforas - Todo sobre partes y todos: sinécdoques - Casas que hablan: metonimias -<br/>Hacer sabiduría: aplicación de Proverbios a la vida - Todo bola de cera: meditación de principio a fin - Cuando necesitas ayuda: varias ayudas para estudiar.
563 ## - NOTA DE ENCUADERNACIÓN
Nota de encuadernación Rústico
630 #7 - TITULO UNIFORME
Título uniforme Biblia.
Nombre de parte o sección de la obra Proverbios
Subdivisión de materia general Crítica, interpretación, etc.
942 ## - TIPO DE MATERIAL (KOHA)
Tipo de Item KOHA Libros General
945 ## - INFORMACIÓN LOCAL DEL REGISTRO
Catalogador JTF-925
Existencias
Estado de Material Estado de Perdido Forma de Clasificación Estado de Dañado No para Préstamo Colección Biblioteca de Origen Biblioteca Permanente Fecha de Adquisición Área Total de Préstamos Signatura Topográfica Código de Barras Última vez visto Ejemplar/Existencia Fecha de Remplazo Tipo de Material
    Dewey Decimal Classification     Colección General Biblioteca FUSBC Biblioteca FUSBC 02/07/2020 BIBLIA   G 223.706 M932w 25634 02/07/2020 Ej.1 02/07/2020 Libros General

Biblioteca FUSBC | Teléfono: (57+4) 349 88 10 Ext. 141| WhatsApp (+57) 3005338115 
E-mail: biblioteca@unisbc.edu.co | Calle 76 87-14 Robledo Palenque, Medellín, Colombia

Con tecnología Koha